Сто прапорщиков: К портрету одного поколения

Dades bibliogràfiques
Autor principal: Цурикова Г. М. Галина Михайловна
Idioma:rus
Publicat: Ленинград, Советский писатель, 1989
Matèries:
Format: MixedMaterials Llibre
KOHA link:https://koha.lib.tpu.ru/cgi-bin/koha/opac-detail.pl?biblionumber=151422

MARC

LEADER 00000nam0a2200000 4500
001 151422
005 20231031150658.0
010 |a 5265002197 
020 |a RU  |b 89-10986 
035 |a (RuTPU)RU\TPU\book\164168 
090 |a 151422 
100 |a 20090122d1989 m y0rusy5003 ca 
101 0 |a rus 
102 |a RU 
105 |a y z 000ay 
200 1 |a Сто прапорщиков  |e К портрету одного поколения   |f Г. М. Цурикова 
210 |a Ленинград  |c Советский писатель  |c Ленингр. отд-ние  |d 1989 
215 |a 416 с.  |d 21 см 
610 1 |a Декабристы 
610 1 |a Революционное движение в России - 19 в. 
675 |a Р2  |z rus 
700 1 |a Цурикова  |b Г. М.  |g Галина Михайловна  |4 070 
801 0 |a RU  |b RuMRKP  |c 19950417  |g psbo 
801 1 |a RU  |b 63413507  |c 20090122  |g PSBO 
801 2 |a RU  |b 63413507  |c 20090122  |g PSBO 
942 |c BK